| 000 | 01509cam a2200373 a 4500 | ||
|---|---|---|---|
| 001 | 2017148 | ||
| 003 | PILC | ||
| 005 | 20150505090218.0 | ||
| 008 | 910703r19921948nyu 000 1 eng | ||
| 010 | _a 91058079 | ||
| 020 | _a067973905X | ||
| 040 |
_aDLC _cDLC _dDLC _dOCoLC _dDLC |
||
| 041 | 1 |
_aeng _hger |
|
| 043 | _ae-gx--- | ||
| 050 | 0 | 0 |
_aPT 2625.A44 _bD63 1992 |
| 082 | 0 | 0 | _a833/.912 |
| 100 | 1 |
_aMann, Thomas. _d1875-1955. |
|
| 240 | 1 | 0 |
_aDoktor Faustus. _lEnglish |
| 245 | 1 | 0 |
_aDoctor Faustus : _bthe life of the German composer, Adrian Leverkühn, as told by a friend / _cThomas Mann ; translated from the German by H.T. Lowe-Porter. |
| 250 | _a1st Vintage International ed. | ||
| 260 |
_aNew York : _bVintage International, _c1992. |
||
| 300 |
_avi, 510 pages ; _c21 cm. |
||
| 651 | 0 |
_aGermany _xHistory _y1789-1900 _xFiction. |
|
| 651 | 0 |
_aGermany _xHistory _y20th century _xFiction. |
|
| 655 | 7 |
_aAllegories. _2gsafd |
|
| 655 | 7 |
_aPolitical fiction. _2lcsh |
|
| 655 | 7 |
_aHistorical fiction. _2gsafd |
|
| 700 | 2 |
_aLowe-Porter, H. T. _q(Helen Tracy), _d1876-1963. |
|
| 856 | 4 | 2 |
_3Contributor biographical information _uhttp://www.loc.gov/catdir/bios/random056/91058079.html |
| 856 | 4 | 2 |
_3Publisher description _uhttp://www.loc.gov/catdir/description/random046/91058079.html |
| 906 |
_a7 _bcbc _corignew _d1 _eocip _f19 _gy-gencatlg |
||
| 942 |
_2lcc _cBK |
||
| 999 |
_c283823 _d283823 |
||